000 00420nam a2200145Ia 4500
005 20240912115846.0
008 240806s9999||||xx |||||||||||||| ||eng||
041 _aeng
100 _aVarnokar Dr. Sridhar Bhashkar
245 0 _aSanskrit vanmay kosh pribhasha khand ( uttrarth) /
_cVarnokar Dr. Sridhar Bhashkar
260 _bBharateey Bhasha Prishad Kalkatta
300 _a782
650 _aGeneral Studies
942 _cBK
999 _c9732
_d9732